MARC

LEADER 00000nam0a2200000 4500
001 294215
005 20231102000655.0
020 |a RU  |b 84-18159 
035 |a (RuTPU)RU\TPU\book\319270 
090 |a 294215 
100 |a 20150512d1984 m y0rusy5003 ca 
101 0 |a rus 
102 |a RU 
105 |a a j 001zy 
200 1 |a Вопросы теплопроводности и термоупругости  |e учебное пособие  |f Б. Г. Коренев, М. Г. Ванюшенков, И. И. Демин  |g Московский инженерно-строительный институт (МИСИ) 
210 |a Москва  |c Изд-во МИСИ  |d 1984 
215 |a 100 с.  |c ил. 
320 |a Библиогр.: с. 99 
606 1 |a Твердые тела  |x Теплопроводность  |2 stltpush  |3 (RuTPU)RU\TPU\subj\58689  |9 76454 
606 1 |a Термоупругость  |2 stltpush  |3 (RuTPU)RU\TPU\subj\59976  |9 77467 
610 1 |a расчет 
610 1 |a дифференциальные уравнения 
610 1 |a краевые условия 
610 1 |a температурные поля 
610 1 |a нестационарные задачи 
610 1 |a тепловые волны 
610 1 |a учебные пособия 
675 |a 536.21  |z rus  |v 3 
675 |a 539.377  |z rus  |v 3 
700 1 |a Коренев  |b Б. Г.  |g Борис Григорьевич  |4 070 
701 1 |a Ванюшенков  |b М. Г. 
701 1 |a Демин  |b И. И.  |g Игорь Иванович 
712 0 2 |a Московский инженерно-строительный институт (МИСИ)  |c (1921-1993)  |2 stltpush  |3 (RuTPU)RU\TPU\col\7908 
801 0 |a RU  |b RuMRKP  |c 19950704  |g psbo 
801 1 |a RU  |b 63413507  |c 20150512 
801 2 |a RU  |b 63413507  |c 20190123  |g RCR 
942 |c BK